|
|
|
|
| LEADER |
01164nab#a2200385#ar4500 |
| 001 |
000113402 |
| 003 |
SVKKK |
| 005 |
20140731105116.0 |
| 008 |
130826c2014 xr |||||||||||||||b|cze |
| FMT |
|
|
|
| 038 |
|
|
|a SVKKK
|
| 040 |
|
|
|a SVKKK
|b slo
|e AACR2
|
| 041 |
0 |
|
|a cze
|
| 044 |
|
|
|a xr
|c CZ
|
| 080 |
|
|
|a 622.34
|2 2008
|
| 080 |
|
|
|a 669.1
|2 2008
|
| 080 |
|
|
|a 82-95
|2 2008
|
| 245 |
0 |
0 |
|a Těžba a hutnické zpracování polymetalických rud na Českomoravské vrchovině
|c Karel Stránský ... [et al.]
|
| 300 |
|
|
|b Obr.
|
| 650 |
0 |
4 |
|a polymetalické rudy
|
| 650 |
0 |
4 |
|a ťažba rúd
|x spracovanie
|
| 650 |
0 |
4 |
|a hutníctvo
|
| 650 |
0 |
4 |
|a recenzie
|
| 655 |
# |
4 |
|a recenzie
|
| 700 |
1 |
|
|a Stránský, Karel
|4 aut
|
| 700 |
1 |
|
|a Janová, Drahomíra
|4 aut
|
| 700 |
1 |
|
|a Stránský, Lubomír
|4 aut
|
| 773 |
0 |
|
|t Slévárenství
|g Roč. LXII, č. 1-2 (2014), s. 29
|x 0037-6825
|
| 787 |
0 |
8 |
|i Rec. :
|a Stránský, Karel
|t Těžba a hutnické zpracování polymetalických rud na Českomoravské vrchovině
|d Brno : Česká slévárenská společnost, 2014
|z 978800222482
|
| 958 |
|
|
|a RC
|
| 974 |
|
|
|a MI
|
| 992 |
|
|
|a RBX
|
| BAS |
|
|
|
| 852 |
|
|
|a SVKKK
|b BIB
|
| 998 |
|
|
|a HUT
|